| 000 | 01153nam0a22003011 4500 | ||
|---|---|---|---|
| 001 | rc\3810080 | ||
| 005 | 20260406154120.0 | ||
| 021 |
_aRU _b76-86384 |
||
| 035 | _a(NLR Aleph) 007260543 | ||
| 090 |
_a5302890 _c5302890 |
||
| 100 | _a20120329d1976 |||y0rusy50 ca | ||
| 101 | 0 | _arus | |
| 102 | _aRU | ||
| 105 | _ay z ||||| | ||
| 200 | 1 |
_aДидактический материал по русскому языку _eДля V-VI кл. башк. школы _eПособие для учителей |
|
| 210 |
_aУфа _cБашк. кн. изд-во _d1976 |
||
| 215 |
_a247 с. _d22 |
||
| 300 | _aПеред загл. авт.: М.Г. Хайруллина, Л.Г. Саяхова, Р.В. Альмухаметов [и др.] | ||
| 309 | _aЧасть текста на одной стороне листа | ||
| 701 | 1 |
_4070 _8rus _7ca _aСаяхова _bЛ. Г. _f1931- _gЛена Галеевна _3RU\NLR\AUTH\776832 _9116779 |
|
| 701 | 1 |
_aАльмухаметов _bР.В. |
|
| 701 | 1 |
_aХайруллина _bМ.Г. |
|
| 801 | 0 |
_aRU _bNLR _gpsbo |
|
| 801 | 1 |
_aRU _bELAR _2rusmarc |
|
| 852 |
_aNLR _j77-5/6109 |
||
| 942 | _cBOOK | ||
| 980 | _aNB | ||